Challenging Harry Potter Quiz - Statistics

General Stats
  • This quiz has been taken 1,275 times
  • The average score is 8 of 10
Answer Stats
Hint Answer % Correct
Item Harry Potter gives Dobby that sets him free Sock
97%
Ravenclaw's First Name Rowena
95%
Item that Lupin gives Harry after Demontor attack Chocolate
92%
Hermione's Patronus takes the form of a/an Otter
90%
The Plant that Harry uses in the Second Task of the Triwizard Tournament Gillyweed
86%
Previous Owner of Hagrid's Motorbike/Motorcycle Sirius Black
80%
The first wizarding establishment Harry Potter visits The Leaky Cauldron
64%
Ollivander's First Name Garrick
60%
Character that runs into gambling debt Ludo Bagman
52%
Bookstore in Diagon Alley Flourish and Blotts
50%
No matching quizzes found
Score Distribution
Percent of People with Each Score
Percentile by Number Answered
Your Score History
You have not taken this quiz